Introduction to computer-aided drafting (Record no. 64638)

000 -LEADER
fixed length control field 00454nam a22001697a 4500
003 - CONTROL NUMBER IDENTIFIER
control field NUST - PNEC
005 - DATE AND TIME OF LATEST TRANSACTION
control field 20170116180851.0
008 - FIXED-LENGTH DATA ELEMENTS--GENERAL INFORMATION
fixed length control field 150826b xxu||||| |||| 00| 0 eng d
020 ## - INTERNATIONAL STANDARD BOOK NUMBER
International Standard Book Number 0070675635
040 ## - CATALOGING SOURCE
Transcribing agency LIBRARY
082 ## - DEWEY DECIMAL CLASSIFICATION NUMBER
Classification number 604.2402854 VOI
100 ## - MAIN ENTRY--PERSONAL NAME
9 (RLIN) 5720
Personal name Voisinet, Donald D
245 ## - TITLE STATEMENT
Title Introduction to computer-aided drafting
Statement of responsibility, etc. Donald D,Voisinet
250 ## - EDITION STATEMENT
Edition statement 2th ed
650 ## - SUBJECT ADDED ENTRY--TOPICAL TERM
9 (RLIN) 5721
Topical term or geographic name entry element Computer graphics
General subdivision Gernal
942 ## - ADDED ENTRY ELEMENTS (KOHA)
Source of classification or shelving scheme
Koha item type Book
Holdings
Withdrawn status Lost status Source of classification or shelving scheme Damaged status Not for loan Permanent Location Current Location Shelving location Date acquired Total Checkouts Full call number Barcode Date last seen Price effective from Koha item type
          Pakistan Navy Engineering College (PNEC) Pakistan Navy Engineering College (PNEC)       604.2402854 VOI PNECLIB-011375 08/26/2015   Book
          Pakistan Navy Engineering College (PNEC) Pakistan Navy Engineering College (PNEC)       604.2402854 VOI PNECLIb-013008 09/12/2015   Book
© 2023 Central Library, National University of Sciences and Technology. All Rights Reserved.